• 首页
  • 本馆介绍
  • 公告通知
  • 最新文献
  • 馆藏检索
  • 电子资源
  • 读者导购
  • 参考咨询
  • 我的图书馆
  • 登录
  • 详细信息显示
  • 放入我的书架
  • 预约/预借图书
  • 作者相关作品
  • 分类相关作品
  • 丛书相关作品
  • 出版社相关作品

书目信息

  • 表格格式
  • 工作单格式
  • 卡片格式
题名:
鲁国尧语言学文集
    
 
作者: 鲁国尧 著
分册:  
出版信息: 上海   上海古籍出版社  2013.12
页数: 520页
开本: 21cm
丛书名:
单 册:
中图分类: H1-53
科图分类:
主题词: 汉语--语言学--文集 , 汉语 , 语言学
电子资源:
ISBN: 978-7-5325-7112-3
000 00858nam0 2200277 450
001 012014006342
005 20140609164441.12
010    @a978-7-5325-7112-3@dCNY64.00
100    @a20140116d2013 em y0chiy0110 ea
101 0  @achi
102    @aCN@b310000
105    @ay z 000yy
106    @ar
200 1  @a鲁国尧语言学文集@9lu guo yao yu yan xue wen ji@e衰年变法丛稿@f鲁国尧著
210    @a上海@c上海古籍出版社@d2013.12
215    @a520页@d21cm
330    @a本书为鲁国尧先生所撰论文的精选集。较为鲜明地代表了作者浸淫语言文字学数十年的成就与感想。
333    @a语言学研究者
517 1  @a衰年变法丛稿@9shuai nian bian fa cong gao
606 0  @a汉语@x语言学@j文集
606 0  @a汉语
606 0  @a语言学
690    @aH1-53@v5
701  0 @a鲁国尧@9lu guo yao@f(1937-)@4著
801  0 @aCN@b人天书店@c20140116
905    @b847205-07@dH1-53@e166@f3
    
    鲁国尧语言学文集:衰年变法丛稿/鲁国尧著.-上海:上海古籍出版社,2013.12
    520页;21cm
    使用对象:语言学研究者
    
    ISBN 978-7-5325-7112-3:CNY64.00
    本书为鲁国尧先生所撰论文的精选集。较为鲜明地代表了作者浸淫语言文字学数十年的成就与感想。
●
相关链接 在E读中查询图书 在五车中查询图书 在当当中查询图书 在豆瓣中查询图书


正题名:鲁国尧语言学文集     索取号:H1-53/166         预约/预借

序号 登录号 条形码 馆藏地/架位号 状态 备注
1 847205   208472053   第二样本阅览室/ [索取号:H1-53/166] 在馆    
2 847206   208472062   密集书库-文学院/ [索取号:H1-53/166] 在馆    
3 847207   208472071   第四借阅区/ [索取号:H1-53/166] 在馆    
唐山师范学院图书馆 欢迎您!
大连网信软件有限公司© 版权所有